NFL Top 50 Active Receiving Touchdown Leaders - Statistics

General Stats
  • This quiz has been taken 243 times
  • The average score is 31 of 50
Answer Stats
# Team Answer TDs % Correct
2 TB Mike Evans 94
99%
1 GB Davante Adams 95
98%
6 KC Travis Kelce 76
92%
27 NO Michael Thomas 36
90%
7 BUF Stefon Diggs 67
90%
5 KC Tyreek Hill 76
89%
8 ATL Julio Jones 66
88%
21 PHI AJ Brown 42
86%
4 HOU DeAndre Hopkins 78
86%
42 BAL Marquise Brown 28
86%
14 DET Marvin Jones 58
86%
10 LAC Keenan Allen 59
83%
31 DAL CeeDee Lamb 32
82%
17 LAR Cooper Kupp 51
82%
37 PIT Juju Smith-Schuster 30
80%
19 SEA DK Metcalf 43
79%
38 CIN Ja'Marr Chase 29
78%
12 SEA Tyler Lockett 59
78%
11 NYG Odell Beckham Jr. 59
77%
9 DAL Amari Cooper 60
76%
13 MIN Adam Thielen 59
75%
36 MIN Justin Jefferson 30
75%
26 SF George Kittle 37
74%
30 TB Chris Godwin 34
69%
22 BAL Mark Andrews 40
69%
33 LAC Mike Williams 31
69%
49 WAS Terry McLaurin 25
65%
48 PIT Diontae Johnson 25
62%
3 NO Jimmy Graham 89
62%
18 PHI Zach Ertz 46
61%
15 NO Brandin Cooks 57
60%
46 SF Brandon Aiyuk 25
59%
28 ATL Calvin Ridley 36
55%
44 BUF Gabriel Davis 27
51%
39 CAR DJ Moore 29
50%
16 GB Randall Cobb 54
48%
20 JAX Allen Robinson 43
47%
43 ARI Christian Kirk 28
47%
32 CIN Tyler Boyd 31
46%
40 CAR Christian McCaffrey 29
42%
25 LAR Robert Woods 38
39%
50 CLE David Njoku 25
34%
35 LAC Austin Ekeler 30
31%
24 LAC Hunter Henry 38
30%
23 JAX Marcedes Lewis 40
27%
45 MIA DeVante Parker 27
23%
29 PHI Nelson Agholor 35
21%
34 NYJ Robbie Chosen 30
19%
47 ATL Austin Hooper 25
14%
41 WAS Jamison Crowder 29
11%
No matching quizzes found
Score Distribution
Percent of People with Each Score
Percentile by Number Answered
Your Score History
You have not taken this quiz